[Event "Dvorkovich Memorial op"]
[Site "Taganrog"]
[Date "2015.01.26"]
[Round "9"]
[White "Zontakh, Andrey"]
[Black "Goganov, Aleksey"]
[Result "1/2-1/2"]
[WhiteElo "2540"]
[BlackElo "2615"]
[PlyCount "112"]
[EventDate "2015.01.18"]
[EventType "swiss"]
[EventRounds "9"]
[EventCountry "RUS"]
[SourceTitle "CBM 164 Extra"]
[Source "ChessBase"]
[SourceDate "2015.03.02"]
[SourceVersion "1"]
[SourceVersionDate "2015.03.02"]
[SourceQuality "1"]

1. d4 Nf6 2. c4 e6 3. Nf3 Bb4+ 4. Bd2 Qe7 5. g3 Bxd2+ 6. Qxd2 Nc6 7. Nc3 d5 8. cxd5 exd5 9. Bg2 0-0 10. 0-0 Bf5 11. Qf4 Be4 12. Rfd1 Rfe8 13. Rac1 Rad8 14. Na4 Rd6 15. Nc5 Nd8 16. Bh3 Nh5 17. Qd2 Bg6 18. Ne5 Nf6 19. f3 b6 20. Ncd3 Bxd3 21. Qxd3 c5 22. dxc5 bxc5 23. f4 Nc6 24. Nxc6 Rxc6 25. Bg2 Re6 26. Bf3 Re3 27. Qc2 c4 28. Qd2 h5 29. Rc3 Re6 30. Qd4 Ng4 31. Rd2 g6 32. Qxd5 Ne3 33. Qd4 h4 34. b3 cxb3 35. axb3 Qa3 36. Qa4 Qe7 37. Qd4 h3 38. b4 Rb6 39. Kf2 Re6 40. Kg1 Rb6 41. Kf2 Re6 42. Kg1 Rb6 43. Rdd3 Nf5 44. Qc5 Rxb4 45. Qxe7 Rxe7 46. Kf2 Nd4 47. Rc8+ Kg7 48. Rd8 Nxf3 49. Kxf3 a5 50. Ra8 a4 51. Ra3 Rb2 52. Re3 Rxe3+ 53. Kxe3 Rb1 54. Rxa4 Rh1 55. Kf3 f5 56. g4 fxg4+ 1/2-1/2

[Event "Dvorkovich Memorial op"]
[Site "Taganrog"]
[Date "2015.01.22"]
[Round "5"]
[White "Zontakh, Andrey"]
[Black "Tsapulin, Anatoly"]
[Result "1/2-1/2"]
[WhiteElo "2540"]
[BlackElo "2215"]
[PlyCount "152"]
[EventDate "2015.01.18"]
[EventType "swiss"]
[EventRounds "9"]
[EventCountry "RUS"]
[SourceTitle "CBM 164 Extra"]
[Source "ChessBase"]
[SourceDate "2015.03.02"]
[SourceVersion "1"]
[SourceVersionDate "2015.03.02"]
[SourceQuality "1"]

1. d4 Nf6 2. c4 e6 3. Nf3 b6 4. g3 Bb7 5. Bg2 Be7 6. 0-0 0-0 7. Re1 c5 8. d5 exd5 9. Nh4 Ne4 10. cxd5 Bxh4 11. Bxe4 Bf6 12. Qc2 g6 13. Bf4 d6 14. Nd2 Qc7 15. Rad1 Na6 16. Bg2 Rad8 17. Bh6 Bg7 18. Bxg7 Kxg7 19. e4 f6 20. Bf1 Qd7 21. Re3 Nc7 22. h4 Ba6 23. Bg2 Nb5 24. Nf3 Rde8 25. b4 Re7 26. Qb2 Kg8 27. Kh2 Bc8 28. a4 Nc7 29. bxc5 bxc5 30. Nd2 Qxa4 31. Ra1 Qd4 32. Qxd4 cxd4 33. Rb3 a6 34. Rb6 Nb5 35. Nc4 Rd8 36. Na5 Rc7 37. Nc6 Re8 38. Rd1 f5 39. Nxd4 fxe4 40. Nxb5 axb5 41. Rxd6 Rc2 42. Kg1 e3 43. fxe3 Rxe3 44. Rc6 Bf5 45. d6 Rxc6 46. Bxc6 Rxg3+ 47. Kf2 Rg4 48. h5 gxh5 49. Rd5 Be6 50. d7 Bxd7 51. Bxd7 Rb4 52. Bxb5 h4 53. Bd3 Kg7 54. Rd7+ Kf6 55. Rxh7 Kg5 56. Be2 Rf4+ 57. Bf3 Rb4 58. Rh5+ Kg6 59. Rc5 Ra4 60. Kg2 Ra2+ 61. Kg1 Ra1+ 62. Kf2 Ra4 63. Rd5 Rb4 64. Be2 Ra4 65. Bd3+ Kh6 66. Kg2 Kg7 67. Kh3 Kf6 68. Be2 Re4 69. Bg4 Re5 70. Rd8 Kg6 71. Rd4 Kf6 72. Kxh4 Re3 73. Rd5 Re1 74. Rf5+ Ke7 75. Kg5 Kd6 76. Rf8 Ke7 1/2-1/2

[Event "Elets-A 75th"]
[Site "Elets"]
[Date "2014.12.04"]
[Round "6"]
[White "Zontakh, Andrey"]
[Black "Kovalev, Vladislav"]
[Result "1/2-1/2"]
[WhiteElo "2536"]
[BlackElo "2539"]
[PlyCount "84"]
[EventDate "2014.11.29"]
[EventType "tourn"]
[EventRounds "9"]
[EventCountry "RUS"]
[EventCategory "10"]
[SourceTitle "EXT 2016"]
[Source "ChessBase"]
[SourceDate "2015.10.08"]
[SourceVersion "1"]
[SourceVersionDate "2015.10.08"]
[SourceQuality "1"]

1. d4 Nf6 2. c4 g6 3. Nc3 Bg7 4. e4 d6 5. Nf3 0-0 6. Be2 e5 7. 0-0 exd4 8. Nxd4 Re8 9. f3 c6 10. Kh1 Nh5 11. g4 Nf6 12. Bf4 h5 13. Nf5 gxf5 14. gxf5 d5 15. cxd5 cxd5 16. Rg1 dxe4 17. Nxe4 Qxd1 18. Nxf6+ Kh8 19. Raxd1 Bxf6 20. Rd6 Nd7 21. Bb5 Rg8 22. Re1 a5 23. Bxd7 Ra6 24. Rxf6 Rxf6 25. Bxc8 Rxc8 26. Be5 Rcc6 27. Bxf6+ Rxf6 28. Re5 Rb6 29. b3 a4 30. bxa4 Rb2 31. f6 Kh7 32. Rxh5+ Kg6 33. Rb5 Rxa2 34. a5 Kxf6 35. Kg1 Kg6 36. h4 f5 37. Kf1 Kh5 38. Ke1 Kxh4 39. Rxf5 Kg3 40. Kd1 Rb2 41. Kc1 Rb4 42. Kc2 b6 1/2-1/2

[Event "Elets-A 75th"]
[Site "Elets"]
[Date "2014.12.02"]
[Round "4"]
[White "Zontakh, Andrey"]
[Black "Krivoshey, Sergei"]
[Result "1/2-1/2"]
[WhiteElo "2536"]
[BlackElo "2471"]
[PlyCount "67"]
[EventDate "2014.11.29"]
[EventType "tourn"]
[EventRounds "9"]
[EventCountry "RUS"]
[EventCategory "10"]
[SourceTitle "EXT 2016"]
[Source "ChessBase"]
[SourceDate "2015.10.08"]
[SourceVersion "1"]
[SourceVersionDate "2015.10.08"]
[SourceQuality "1"]

1. d4 Nf6 2. c4 c5 3. d5 b5 4. cxb5 e6 5. Nc3 exd5 6. Nxd5 Bb7 7. Nxf6+ Qxf6 8. Nf3 d5 9. g3 Bd6 10. Bg2 Nd7 11. 0-0 0-0 12. Qc2 Rfe8 13. Rd1 h6 14. Nh4 Qe6 15. Nf5 Bf8 16. a4 a6 17. bxa6 Qxa6 18. Ne3 Nf6 19. Nxd5 Nxd5 20. Bxd5 Bxd5 21. Rxd5 Rxe2 22. Qc3 Qe6 23. Rd1 Qf5 24. Rf1 Rc2 25. Qe3 c4 26. Qf4 Qxf4 27. Bxf4 Rxb2 28. a5 Bc5 29. Ra4 c3 30. Be5 Rb4 31. Ra2 Bd4 32. Bxd4 Rxd4 33. Rc1 Rd5 34. Rxc3 1/2-1/2

[Event "Elets-A 75th"]
[Site "Elets"]
[Date "2014.11.30"]
[Round "2"]
[White "Zontakh, Andrey"]
[Black "Predke, Alexandr"]
[Result "1-0"]
[WhiteElo "2536"]
[BlackElo "2545"]
[PlyCount "107"]
[EventDate "2014.11.29"]
[EventType "tourn"]
[EventRounds "9"]
[EventCountry "RUS"]
[EventCategory "10"]
[SourceTitle "EXT 2016"]
[Source "ChessBase"]
[SourceDate "2015.10.08"]
[SourceVersion "1"]
[SourceVersionDate "2015.10.08"]
[SourceQuality "1"]

1. d4 Nf6 2. c4 e6 3. Nf3 d5 4. g3 dxc4 5. Bg2 Nc6 6. Qa4 Bb4+ 7. Bd2 Nd5 8. Bxb4 Ndxb4 9. 0-0 Rb8 10. Nc3 a6 11. Ne5 0-0 12. Bxc6 Nxc6 13. Nxc6 bxc6 14. Qxc4 Qd6 15. Ne4 Qd5 16. Qc2 e5 17. dxe5 Qxe5 18. Nc3 Bf5 19. e4 Bg4 20. f3 Bh3 21. Rf2 Rfd8 22. Qe2 Qc5 23. Re1 Rb4 24. Qe3 Rbd4 25. Rfe2 Qb6 26. g4 h5 27. gxh5 Rd3 28. Qxb6 cxb6 29. Kf2 R8d6 30. Re3 R3d4 31. Rc1 Rh6 32. Ne2 Rd2 33. Rb3 c5 34. Ke3 Rdd6 35. Nf4 Be6 36. Rbc3 Kf8 37. b3 Ke7 38. Rg1 Rh7 39. Rc2 f6 40. Rcg2 Kf7 41. Rg6 c4 42. h6 gxh6 43. bxc4 Bxc4 44. e5 Rc6 45. Nh5 Bxa2 46. f4 Rc3+ 47. Kd2 Rh3 48. Nxf6 Rh8 49. Ne4 Ke7 50. f5 Rxh2+ 51. Ke3 Rh3+ 52. Kd4 Rc8 53. Rg7+ Kf8 54. e6 1-0

[Event "Chigorin Memorial 22nd"]
[Site "St Petersburg"]
[Date "2014.10.25"]
[Round "8"]
[White "Solovyov, Viktor"]
[Black "Zontakh, Andrey"]
[Result "1/2-1/2"]
[WhiteElo "2266"]
[BlackElo "2539"]
[PlyCount "81"]
[EventDate "2014.10.18"]
[EventType "swiss"]
[EventRounds "9"]
[EventCountry "RUS"]
[SourceTitle "EXT 2015"]
[Source "ChessBase"]
[SourceDate "2014.11.20"]
[SourceVersion "1"]
[SourceVersionDate "2014.11.20"]
[SourceQuality "1"]

1. Nf3 Nf6 2. c4 e6 3. g3 b6 4. Bg2 Bb7 5. 0-0 Be7 6. Nc3 0-0 7. d4 Ne4 8. Nxe4 Bxe4 9. Ne1 d5 10. Qa4 Qd7 11. Qxd7 Nxd7 12. cxd5 exd5 13. Be3 c5 14. dxc5 Bxg2 15. Nxg2 bxc5 16. Rfd1 d4 17. Bd2 Rfb8 18. b3 a5 19. e3 a4 20. exd4 cxd4 21. Bf4 Rb7 22. h4 f6 23. Rac1 axb3 24. axb3 Nc5 25. Rxd4 Nxb3 26. Rb1 Nxd4 27. Rxb7 Bc5 28. Rb8+ Rxb8 29. Bxb8 Kf7 30. Bf4 Ke6 31. Be3 Nf3+ 32. Kf1 Bxe3 33. Nxe3 Ke5 34. Kg2 Nd2 35. Nc2 f5 36. f3 h5 37. Ne1 Kd4 38. Kf2 Nb3 39. Ng2 Nc5 40. Kf1 Nd3 41. Ke2 1/2-1/2

[Event "Chigorin Memorial 22nd"]
[Site "St Petersburg"]
[Date "2014.10.19"]
[Round "2"]
[White "Zontakh, Andrey"]
[Black "Ofitserian, Boris"]
[Result "1-0"]
[WhiteElo "2539"]
[BlackElo "2282"]
[PlyCount "77"]
[EventDate "2014.10.18"]
[EventType "swiss"]
[EventRounds "9"]
[EventCountry "RUS"]
[SourceTitle "EXT 2015"]
[Source "ChessBase"]
[SourceDate "2014.11.20"]
[SourceVersion "1"]
[SourceVersionDate "2014.11.20"]
[SourceQuality "1"]

1. d4 d5 2. c4 e6 3. Nf3 c6 4. Qc2 dxc4 5. Qxc4 Nf6 6. Nc3 b5 7. Qd3 Nbd7 8. e4 a6 9. e5 Nd5 10. Nxd5 cxd5 11. Qe3 Be7 12. Bd3 Nb6 13. 0-0 h6 14. b3 Bd7 15. Qf4 Qc7 16. Rb1 Bc6 17. Qg4 g6 18. Bd2 b4 19. Rbc1 Qd7 20. Rc2 Bb7 21. Rfc1 Rc8 22. Ne1 Rxc2 23. Rxc2 a5 24. Qe2 Kf8 25. Bb5 Qd8 26. Ba6 Qa8 27. Bxb7 Qxb7 28. Qb5 Qa7 29. Rc6 Nd7 30. Nf3 Kg7 31. Ra6 Qc7 32. Qxa5 Qc2 33. Qb5 Nb8 34. Rb6 g5 35. h3 h5 36. Bxb4 Bxb4 37. Qxb4 g4 38. Qd2 Qg6 39. Nh4 1-0